Elites and economic development: comparative studies on the political economy of latin american cities
Gorde:
| Egile nagusia: | |
|---|---|
| Formatua: | Liburua |
| Hizkuntza: | ingelesa |
| Argitaratua: |
Austin
University of Texas Press
1977
|
| Saila: | Latin American Monographs Series
|
| Gaiak: | |
| Etiketak: |
Etiketa erantsi
Etiketarik gabe, Izan zaitez lehena erregistro honi etiketa jartzen!
|
MARC
| LEADER | 00000nam a2200000 a 4500 | ||
|---|---|---|---|
| 001 | UCQ1260 | ||
| 003 | CL-VaPUC | ||
| 008 | 980709e19770000US |||||||||||||||||eng|d | ||
| 082 | 0 | 4 | |a 338.98 |b WAL |2 21 |
| 100 | 0 | |a Walton, John |e author |9 414988 | |
| 245 | 1 | 0 | |a Elites and economic development: comparative studies on the political economy of latin american cities |
| 300 | |a 257 p | ||
| 942 | |c BK | ||
| 945 | |d 19980709 00:00:00 |a crobeson | ||
| 260 | |a Austin |b University of Texas Press |c 1977 | ||
| 650 | 0 | |a Desarrollo económico y social |9 256320 | |
| 650 | 7 | |a ESTRUCTURA SOCIAL |2 CL-VaPUC |9 414989 | |
| 650 | 7 | |a ELITE |2 CL-VaPUC |9 374366 | |
| 650 | 0 | |a Crecimiento económico |9 314037 | |
| 650 | 0 | |a Control social |9 322637 | |
| 583 | |a last modification |c 19980709 00:00:00 |k Rodrigo Vera | ||
| 490 | 0 | |a Latin American Monographs Series | |
| 999 | |c 272263 |d 272261 | ||
| 952 | |0 0 |1 0 |4 0 |6 338_980000000000000_WAL_1977 |7 0 |8 A |9 307155 |a BIBENE |b BIBENE |d 2019-11-20 |i 1432710 |o 338.98 WAL 1977 |p 1432710 |r 2025-01-15 |w 2019-11-20 |y BK |k ICO | ||